| 000 | 00444nam a2200157 a 4500 | ||
|---|---|---|---|
| 001 | 2429 | ||
| 005 | 20140414131849.0 | ||
| 008 | 050601s19uu xx 00 eng d | ||
| 050 |
_aM 460 _bC74 1997 |
||
| 245 | _aCon ton y son. | ||
| 260 |
_aNew York : _bMacmillan/McGraw-Hill, _c1997. |
||
| 300 | _a30 p. : ill. ; cm. | ||
| 650 |
_aPhonemics _xSpanish _xJuvenile literature. |
||
| 650 |
_aSpanish language _xEnglish language. |
||
| 999 |
_c110077 _d110077 |
||